[Event "Brno festival"]
[Site "?"]
[Date "2015.08.23"]
[Round "2"]
[White "Roubalik, Jakub"]
[Black "Meszaros, Ludek"]
[Result "1-0"]
[WhiteElo "2379"]
[BlackElo "2123"]
[PlyCount "69"]

1. d4 g6 2. c4 Bg7 3. e4 d6 4. Nc3 Nf6 5. Nge2 O-O 6. Ng3 c5 7. d5 e6 8. Be2
exd5 9. cxd5 Na6 10. O-O Nc7 11. Bg5 h6 12. Be3 a6 13. a4 Rb8 14. Qd2 Kh7 15.
Rab1 b5 16. axb5 Nxb5 17. Bxb5 axb5 18. b4 c4 19. h3 Re8 20. f3 Nd7 21. f4 Qh4
22. Bf2 Qf6 23. Nge2 Nb6 24. Bd4 Qe7 25. Bxg7 Kxg7 26. Nd4 Bd7 27. Rbe1 Nc8 28.
e5 Rf8 29. e6 fxe6 30. dxe6 Be8 31. Nd5 Qa7 32. f5 Rxf5 33. Rxf5 gxf5 34. Kh1
Bg6 35. Nc6 1-0

[Event "Brno festival"]
[Site "?"]
[Date "2015.08.23"]
[Round "2"]
[White "Zpevakova, Jana"]
[Black "Vyskocil, Neklan"]
[Result "1-0"]
[WhiteElo "1997"]
[BlackElo "2376"]
[PlyCount "113"]

1. d4 Nf6 2. c4 e6 3. Nc3 Bb4 4. Bd2 O-O 5. Nf3 d5 6. cxd5 exd5 7. g3 c6 8. Bg2
Re8 9. O-O Bd6 10. Qc2 Bg4 11. Rae1 Qd7 12. Qc1 Na6 13. Bf4 Bxf3 14. Bxf3 Bxf4
15. Qxf4 Nc7 16. Bg2 h6 17. f3 Rad8 18. Qd2 Qd6 19. e3 c5 20. Rd1 Re7 21. Rfe1
b6 22. Bf1 Ne6 23. Kg2 Ng5 24. Qf2 cxd4 25. Nb5 Qd7 26. Nxd4 Rc8 {(R)} 27. h4
Ngh7 28. Bb5 Qb7 29. Qf1 Rc5 30. Qd3 Qc7 31. Ba4 Nh5 32. Ne2 Qe5 33. g4 N5f6
34. Nd4 Rec7 35. Bb3 Nf8 36. Qf5 N8d7 37. Qxe5 Nxe5 38. g5 hxg5 39. hxg5 Ne8
40. Nf5 g6 41. Nh6+ Kg7 42. f4 Nc4 43. Re2 Ned6 44. Kf3 Re7 45. Ng4 Nf5 46. Rh1
Re6 47. Bxc4 Rxc4 48. Nf6 d4 49. e4 d3 50. Reh2 Nd4+ 51. Kg4 Kf8 52. Rh8+ Ke7
53. e5 Rxf6 54. exf6+ Kd6 55. Rd1 Nc6 56. Rxd3+ Kc7 57. Kg3 1-0

[Event "Brno festival"]
[Site "?"]
[Date "2015.08.23"]
[Round "2"]
[White "Strebkovs, Andrejs"]
[Black "Majer, Jiri"]
[Result "1-0"]
[WhiteElo "2358"]
[BlackElo "2077"]
[PlyCount "47"]

1. d4 d5 2. Nf3 Bf5 3. g3 e6 4. Bg2 Nf6 5. O-O h6 6. c4 c6 7. Nc3 Be7 8. Qb3
Qb6 9. c5 Qxb3 10. axb3 Na6 11. Ne5 Nb4 12. Bd2 a5 13. Ra4 O-O 14. Rfa1 Bc2 15.
Rxa5 Rxa5 16. Rxa5 Bd8 17. Ra7 b6 18. Na4 bxc5 19. dxc5 Na2 20. Nxc6 Bxb3 21.
Nb6 Ne4 22. Bxe4 dxe4 23. Ra3 Bxb6 24. cxb6 1-0

[Event "Brno festival"]
[Site "?"]
[Date "2015.08.23"]
[Round "2"]
[White "Kuchynka, Lubos"]
[Black "Kozusek, Daniel"]
[Result "1/2-1/2"]
[WhiteElo "1980"]
[BlackElo "2347"]
[PlyCount "38"]

1. d4 e6 2. c4 b6 3. e4 Bb7 4. Bd3 f5 5. exf5 Bb4+ 6. Kf1 Nf6 7. fxe6 O-O 8.
Bg5 dxe6 9. Nc3 Nc6 10. Nf3 Qe8 11. Qc2 Qh5 12. h4 Ng4 13. Ne2 Bd6 14. Be4 Nf6
15. Bxf6 Rxf6 16. Rh3 h6 17. a3 Qg4 18. c5 bxc5 19. dxc5 Bf4 1/2-1/2

[Event "Brno festival"]
[Site "?"]
[Date "2015.08.23"]
[Round "2"]
[White "Tovarek, Antonin"]
[Black "Chudinovskikh, Alexander"]
[Result "1-0"]
[WhiteElo "1972"]
[BlackElo "2275"]
[PlyCount "75"]

1. e4 e5 2. Nf3 Nc6 3. Bb5 a6 4. Ba4 Nf6 5. O-O Be7 6. Re1 b5 7. Bb3 O-O 8. c3
d6 9. h3 Nd7 10. d4 Bf6 11. a4 Bb7 12. a5 Ne7 13. Bc2 c5 14. d5 c4 15. Nbd2 Nc5
16. Nf1 g6 17. Be3 Qc7 18. N1h2 Bg7 19. Qd2 f6 20. Nh4 f5 21. exf5 gxf5 22. Bh6
f4 23. Bxg7 Kxg7 24. Qe2 Nd3 25. Qh5 Bxd5 26. Ng4 Kh8 27. Rad1 Bf7 28. Qg5 Be6
29. Nf6 Rf7 30. Rxd3 cxd3 31. Bxd3 Rg7 32. Qh6 Bg8 33. Nh5 Rf7 34. Bg6 Raf8 35.
Bxf7 Rxf7 36. Nf6 Qc6 37. Rd1 f3 38. Nd5 {(Time!)} 1-0

[Event "Brno festival"]
[Site "?"]
[Date "2015.08.23"]
[Round "2"]
[White "Fiala, Vaclav"]
[Black "Zuziak, Petr"]
[Result "1-0"]
[WhiteElo "2241"]
[BlackElo "1985"]
[PlyCount "89"]

1. e4 Nc6 2. Nf3 d6 3. d4 Bg4 4. Bb5 a6 5. Ba4 b5 6. Bb3 e6 7. Be3 Nf6 8. h3
Bh5 9. d5 Bxf3 10. Qxf3 Ne5 11. Qe2 exd5 12. exd5 Be7 13. a4 b4 14. Bd4 Ned7
15. g4 O-O 16. g5 Ne8 17. h4 f6 18. Qh5 g6 19. Qe2 Ng7 20. Nd2 fxg5 21. Bxg7
Kxg7 22. h5 Bf6 23. O-O-O Nc5 24. Qg4 Qd7 25. Qxb4 a5 26. Qc4 Rab8 27. c3 Be5
28. Bc2 Rxf2 29. hxg6 h6 30. Rdg1 Rbf8 31. Rg4 R8f4 32. Rxf4 Rxf4 33. Qe2 Qg4
34. Qb5 Nxa4 35. Bd1 Nxc3 36. bxc3 Qc8 37. Qxa5 Kxg6 38. Bc2+ Kg7 39. Ne4 c6
40. Ng3 Rf3 41. Nh5+ Kg8 42. dxc6 Qxc6 43. Qd8+ Rf8 44. Bb3+ Kh7 45. Qe7+ 1-0

[Event "Brno festival"]
[Site "?"]
[Date "2015.08.23"]
[Round "2"]
[White "Spodny, Josef"]
[Black "Dvorak, Adam"]
[Result "0-1"]
[WhiteElo "1959"]
[BlackElo "2230"]
[PlyCount "110"]

1. d4 Nf6 2. Nf3 c5 3. e3 Qc7 4. Be2 a6 5. O-O e6 6. Nbd2 d5 7. Ne5 Nc6 8. f4
cxd4 9. Nxc6 dxe3 10. Nd4 exd2 11. Bxd2 Bd6 12. c3 O-O 13. Bd3 e5 14. fxe5 Bxe5
15. Nf3 Bg4 16. h3 Qb6+ 17. Kh1 Bxf3 18. Qxf3 Qxb2 19. Rfd1 Qa3 20. Rab1 Bc7
21. Rb4 Rfe8 22. c4 Kh8 23. cxd5 Rad8 24. Rh4 Rxd5 25. Rxh7+ Nxh7 26. Qxd5 Rd8
27. Bc1 Qe7 28. Qf3 Qe5 29. g3 Qxg3 30. Qxg3 Bxg3 31. Be2 Rxd1+ 32. Bxd1 Bf2
33. Bg4 b6 34. Kg2 Bc5 35. Bb2 Kg8 36. Kf3 Kf8 37. Kf4 g6 38. Bc8 a5 39. h4 Bf2
40. Kg4 Ke7 41. h5 gxh5+ 42. Kxh5 Nf8 43. Ba3+ Bc5 44. Bc1 Ne6 45. Kg4 Nd4 46.
Ba6 Nc6 47. Bd2 Kd6 48. Bf4+ Kd5 49. Bb7 Bd4 50. Bh6 Kd6 51. Bf4+ Kc5 52. Bh6
b5 53. Bd2 b4 54. Kf5 Kb6 55. Bc8 Ne7+ 0-1

[Event "Brno festival"]
[Site "?"]
[Date "2015.08.23"]
[Round "2"]
[White "Novosadova, Kristyna"]
[Black "Stehlik, Jiri"]
[Result "1/2-1/2"]
[WhiteElo "2226"]
[BlackElo "1979"]
[PlyCount "91"]

1. e4 d6 2. d4 Nf6 3. Nc3 g6 4. Bc4 Bg7 5. f3 c6 6. Bb3 O-O 7. Be3 Nbd7 8. Nge2
b6 9. Qd2 c5 10. O-O a6 11. a4 Qc7 12. Nf4 Bb7 13. Ncd5 Nxd5 14. Bxd5 cxd4 15.
Bf2 e5 16. Bxb7 Qxb7 17. Nd5 Nf6 18. c4 Nxd5 19. cxd5 f5 20. Rac1 Rac8 21. Qb4
Rxc1 22. Rxc1 Rc8 23. Rc4 h6 24. Be1 fxe4 25. fxe4 Bf8 26. Bd2 Rc7 27. Qb3 Rxc4
28. Qxc4 Kf7 29. Qc1 h5 30. Bg5 b5 31. axb5 Qxb5 32. Qc8 Qe8 33. Qxa6 Be7 34.
Qb7 Kf8 35. Bh6+ Kg8 36. Bd2 Qd8 37. Qb5 Bg5 38. Be1 Qf8 39. b4 Qf4 40. Qd3 Qc1
41. Kf1 Bd8 42. Ke2 Qb2+ 43. Qd2 Qb3 44. Qd3 Qb2+ 45. Qd2 Qb3 46. Qd3 {(R)}
1/2-1/2

[Event "Brno festival"]
[Site "?"]
[Date "2015.08.23"]
[Round "2"]
[White "Kopecek, Ivan"]
[Black "Skacelik, Petr"]
[Result "1/2-1/2"]
[WhiteElo "1952"]
[BlackElo "2172"]
[PlyCount "103"]

1. e4 c5 2. Nf3 d6 3. Nc3 Nf6 4. Bc4 Nc6 5. d4 cxd4 6. Nxd4 e6 7. O-O Be7 8.
Be3 O-O 9. f3 a6 10. a4 Bd7 11. Qe2 Rc8 12. Rfd1 Qc7 13. Nxc6 Bxc6 14. Bb3 Rfe8
15. Qf2 Nd7 16. Rd2 b5 17. axb5 axb5 18. Rad1 b4 19. Ne2 Ne5 20. Bf4 Red8 21.
Qd4 Rb8 22. Qf2 Ng6 23. Be3 Ba8 24. Nd4 d5 25. f4 dxe4 26. f5 exf5 27. Qxf5 Rf8
28. Ne2 Bc6 29. Nf4 Rb5 30. Nd5 Bxd5 31. Bxd5 Bc5 32. Qxe4 Bxe3+ 33. Qxe3 Qb6
34. Qxb6 Rxb6 35. Bb3 Ne5 36. Rd5 Ng4 37. Rd7 g6 38. Re1 Kg7 39. Ree7 Nh6 40.
Rb7 Rb8 41. Rbd7 Rf6 42. Rb7 Rxb7 43. Rxb7 Rf4 44. g3 Rd4 45. Kg2 Kf6 46. Kf2
g5 47. h3 Kg6 48. g4 Rf4+ 49. Kg3 f5 50. Rb6+ Kg7 51. Rb7+ Kg6 52. Rb6+ 1/2-1/2

[Event "Brno festival"]
[Site "?"]
[Date "2015.08.23"]
[Round "2"]
[White "Vechet, Stanislav"]
[Black "Zeman, Arnost"]
[Result "1-0"]
[WhiteElo "2168"]
[BlackElo "1969"]
[PlyCount "115"]

1. d4 Nf6 2. c4 c5 3. d5 d6 4. Nc3 g6 5. e4 Nbd7 6. Nf3 Bg7 7. Be2 O-O 8. O-O
Rb8 9. a4 b6 10. h3 a6 11. Bf4 Ne8 12. Qd2 Ne5 13. Rfe1 Bd7 14. Nh2 Nc7 15. Bh6
b5 16. Bxg7 Kxg7 17. cxb5 axb5 18. f4 Nc4 19. Qc1 Na5 20. Nxb5 f6 21. Qc3 Na6
22. e5 Nb4 23. Rad1 Bf5 24. exf6+ exf6 25. Bg4 Bc2 26. Ra1 Bxa4 27. Nxd6 Qxd6
28. Rxa4 Nb7 29. Bf3 Nd8 30. Ra7+ Rf7 31. Rxf7+ Kxf7 32. Ng4 Na2 33. Qa3 Nb4
34. Qe3 Rb7 35. f5 Re7 {(R)} 36. fxg6+ hxg6 37. Qd2 Rxe1+ 38. Qxe1 Nc2 39. Qh4
Nd4 40. Qh7+ Kf8 41. Qh6+ Kf7 42. Qe3 Qg3 43. Nh2 f5 44. b4 Qd6 45. bxc5 Qxc5
46. Kh1 Nb7 47. g4 Nd6 48. Bg2 Qb4 49. Nf3 Nxf3 50. Bxf3 Qb1+ 51. Kh2 Qb2+ 52.
Kg3 Qf6 53. g5 Qe7 54. Qxe7+ Kxe7 55. Kf4 Nf7 56. h4 Kd6 57. h5 gxh5 58. g6 1-0

[Event "Brno festival"]
[Site "?"]
[Date "2015.08.23"]
[Round "2"]
[White "Barak, David"]
[Black "Pokorny, Petr"]
[Result "0-1"]
[WhiteElo "1625"]
[BlackElo "2164"]
[PlyCount "44"]

1. e4 c5 2. Nf3 d6 3. d4 cxd4 4. Nxd4 Nf6 5. Nc3 a6 6. Bg5 e6 7. Qd2 Be7 8.
O-O-O b5 9. f4 b4 10. Bxf6 bxc3 11. Qxc3 gxf6 12. Nf3 Bb7 13. e5 Bxf3 14. Qxf3
d5 15. f5 fxe5 16. fxe6 fxe6 17. Qh5+ Kd7 18. Qg4 Kd6 19. Qb4+ Kc7 20. Qc3+ Nc6
21. Be2 Bd6 22. Bg4 Qg5+ 0-1

[Event "Brno festival"]
[Site "?"]
[Date "2015.08.23"]
[Round "2"]
[White "Krejci, Petr"]
[Black "Jurak, Stanislav"]
[Result "1-0"]
[WhiteElo "2047"]
[BlackElo "1835"]
[PlyCount "109"]

1. Nf3 d5 2. g3 Nf6 3. Bg2 Bg4 4. c4 c6 5. cxd5 Nxd5 6. O-O Nd7 7. d4 N7f6 8.
Nc3 Qc8 9. Qb3 Bxf3 10. Bxf3 e6 11. e4 Nxc3 12. bxc3 Be7 13. c4 O-O 14. a4 Rd8
15. Bb2 Rb8 16. a5 Qc7 17. e5 Ne8 18. Qc2 g6 19. Be4 Ng7 20. g4 f5 21. gxf5
gxf5 22. Bg2 Kh8 23. f4 Bh4 24. Qe2 b5 25. c5 a6 26. Qf3 Rbc8 27. Kh1 Rg8 28.
Qh3 Qe7 29. Bf3 Ne8 30. Rac1 Rg7 31. Rc2 Rc7 32. Rg2 Rxg2 33. Qxg2 Qd8 34. Bxc6
Rg7 35. Qf3 Nc7 36. Rg1 Rxg1+ 37. Kxg1 Be1 38. Bc3 Bxc3 39. Qxc3 Qg8+ 40. Kf2
Qg4 41. Qf3 Qh4+ 42. Qg3 Qh5 43. Bf3 Qf7 44. Qg5 Qd7 45. Kg2 b4 46. c6 Qe8 47.
d5 exd5 48. Qf6+ Kg8 49. Qd6 Qf7 50. Qxb4 Qg6+ 51. Kh3 Qxc6 52. Qd6 Qc1 53.
Qd8+ Kg7 54. Qf6+ Kg8 55. e6 1-0

[Event "Brno festival"]
[Site "?"]
[Date "2015.08.23"]
[Round "2"]
[White "Lanc, Alois"]
[Black "Feldvabl, Vilem"]
[Result "1-0"]
[WhiteElo "2290"]
[BlackElo "1628"]
[PlyCount "43"]

1. e4 d6 2. d4 g6 3. Nc3 Bg7 4. f4 Nf6 5. Nf3 Bg4 6. Be3 O-O 7. h3 Bxf3 8. Qxf3
c6 9. e5 Nfd7 10. h4 dxe5 11. dxe5 f5 12. Bc4+ Kh8 13. h5 Qe8 14. h6 Bxe5 15.
fxe5 Nxe5 16. Bd4 Nbd7 17. Qf4 Qb8 18. Ne2 Qd6 19. O-O-O Qf6 20. Bc3 g5 21. Qe3
b5 22. Rxd7 1-0

[Event "Brno festival"]
[Site "?"]
[Date "2015.08.23"]
[Round "2"]
[White "Popper, Tomas"]
[Black "Habina, Martin"]
[Result "1-0"]
[WhiteElo "2034"]
[BlackElo "2010"]
[PlyCount "66"]

1. Nf3 c5 2. b3 Nf6 3. Bb2 d5 4. e3 e6 5. Be2 Be7 6. O-O Nc6 7. d4 b6 8. Nbd2
O-O 9. Rc1 cxd4 10. Nxd4 Nxd4 11. Bxd4 Ba3 12. Rb1 Qe7 13. f4 Bb7 14. c3 Bd6
15. Nf3 Rac8 16. Bd3 Ne4 17. Bxe4 dxe4 18. Nd2 f6 19. c4 e5 20. fxe5 Bxe5 21.
Bxe5 Qxe5 22. Qc2 Rcd8 23. Rfe1 Rd3 24. Nf1 Rfd8 25. Rbc1 Qc5 26. Qb2 Qb4 27.
Qf2 Qd6 28. Qb2 a5 29. c5 bxc5 30. Qa3 Rd5 31. Qxa5 Ra8 32. Qb5 Ba6 33. Qa4 Re8
1-0

[Event "Brno festival"]
[Site "?"]
[Date "2015.08.23"]
[Round "2"]
[White "Kosina, Vladimir"]
[Black "Kubala, Karel"]
[Result "0-1"]
[WhiteElo "1734"]
[BlackElo "1955"]
[PlyCount "90"]

1. e4 e6 2. d4 d5 3. Nd2 Nf6 4. e5 Nfd7 5. Ngf3 c5 6. c3 b6 7. a4 cxd4 8. cxd4
a5 9. Bd3 Ba6 10. Nf1 Bb4+ 11. Ke2 O-O 12. Qc2 Ra7 13. Bb5 f6 14. exf6 Bxb5+
15. axb5 Rc7 16. Qd3 Qc8 17. Ne3 Nxf6 18. Ne5 Nfd7 19. Nf3 Nf6 20. Ne5 Bd6 21.
f4 Ne4 22. g3 Qe8 23. Nf3 g5 24. f5 exf5 25. Bd2 f4 26. gxf4 gxf4 27. Rhg1+ Kh8
28. Raf1 Nxd2 29. Kxd2 fxe3+ 30. Ke2 Qc8 31. Ne1 Rxf1 32. Rxf1 Bb4 33. Rg1 Bxe1
34. Qxe3 Nd7 35. Qg5 Rc2+ 36. Kd1 Rd2+ 37. Qxd2 Bxd2 38. Kxd2 Nf6 39. Rc1 Ne4+
40. Kd1 Qg4+ 41. Kc2 Qe2+ 42. Kb1 Nd2+ 43. Ka2 Qxb5 44. Rc3 Qa4+ 45. Ra3 Qc2
0-1

[Event "Brno festival"]
[Site "?"]
[Date "2015.08.23"]
[Round "2"]
[White "Vavrinkova, Eliska"]
[Black "Licka, Vlastimil"]
[Result "0-1"]
[WhiteElo "1695"]
[BlackElo "1950"]
[PlyCount "44"]

1. d4 Nf6 2. Nf3 e6 3. c4 b6 4. Bg5 Bb7 5. e3 h6 6. Bh4 Bb4+ 7. Nc3 O-O 8. a3
Bxc3+ 9. bxc3 d6 10. Be2 Nbd7 11. O-O g5 12. Bg3 Ne4 13. Qc2 f5 14. h4 Ndf6 15.
Bh2 Ng4 16. hxg5 hxg5 17. Rac1 Qf6 18. a4 Kg7 19. Nd2 Nxh2 20. Kxh2 Rh8+ 21.
Kg1 Qh6 22. f3 Qh1# 0-1

[Event "Brno festival"]
[Site "?"]
[Date "2015.08.23"]
[Round "2"]
[White "Paulik, Martin"]
[Black "Krajicek, Filip"]
[Result "0-1"]
[WhiteElo "1891"]
[BlackElo "1663"]
[PlyCount "60"]

1. c4 Nf6 2. g3 g6 3. Nc3 Bg7 4. Bg2 O-O 5. e4 d6 6. d4 Nbd7 7. f4 c5 8. d5 a6
9. a4 Nb6 10. Qe2 Bd7 11. Nf3 Ng4 12. e5 e6 13. h3 Nh6 14. O-O Nf5 15. Kh2 Nd4
16. Qd3 exd5 17. Nxd4 dxc4 18. Qe3 cxd4 19. Qxd4 dxe5 20. fxe5 Bc6 21. Qxd8
Rfxd8 22. Bxc6 bxc6 23. Bg5 Rd3 24. Rae1 Re8 25. Ne4 Rxe5 26. Bf6 Re6 27. Bxg7
Kxg7 28. Rxf7+ Kxf7 29. Ng5+ Kf6 30. Nxe6 Rd2+ 0-1

[Event "Brno festival"]
[Site "?"]
[Date "2015.08.23"]
[Round "2"]
[White "Lisik, Miroslav"]
[Black "Janous, Petr"]
[Result "0-1"]
[WhiteElo "1692"]
[BlackElo "1883"]
[PlyCount "80"]

1. e4 e5 2. Nf3 Nf6 3. Nxe5 d6 4. Nf3 Nxe4 5. Qe2 Qe7 6. d3 Nf6 7. Bg5 Qxe2+ 8.
Bxe2 Be7 9. Nc3 c6 10. O-O-O Na6 11. Rhe1 Nc7 12. Ne4 Nxe4 13. dxe4 Be6 14.
Bxe7 Kxe7 15. Nd4 g6 16. f4 f6 17. f5 Bf7 18. b3 Rag8 19. g3 g5 20. a4 a5 21.
Bc4 Rd8 22. Bxf7 Kxf7 23. Rd2 Rhe8 24. Rde2 Re7 25. c4 Rde8 26. Kd2 Na6 27. Ne6
Nc7 28. Nxc7 Rxc7 29. Kc3 Rce7 30. Rd1 Rxe4 31. Rxe4 Rxe4 32. Rxd6 Ke7 33. Rd4
Re2 34. Rd2 Rxd2 35. Kxd2 Kd6 36. Ke3 Ke5 37. h3 c5 38. g4 h6 39. Kd3 Kf4 40.
Kd2 Kg3 0-1

[Event "Brno festival"]
[Site "?"]
[Date "2015.08.23"]
[Round "2"]
[White "Martisek, Karel"]
[Black "Koci, Tereza"]
[Result "1-0"]
[WhiteElo "1869"]
[BlackElo "1621"]
[PlyCount "79"]

1. e4 c5 2. Nf3 e6 3. d4 cxd4 4. Nxd4 a6 5. Bd3 Qc7 6. O-O Nf6 7. Bg5 Be7 8.
Bh4 Qe5 9. Bxf6 Bxf6 10. c3 Nc6 11. Nxc6 bxc6 12. Nd2 Qc7 13. Qe2 O-O 14. f4
Qb6+ 15. Kh1 Qxb2 16. e5 Be7 17. Rad1 Qxc3 18. Ne4 Qa5 19. Nf6+ Bxf6 20. exf6
g6 21. g4 c5 22. Be4 d5 23. Bg2 Bd7 24. Qf2 Rfc8 25. g5 Qd8 26. Qh4 Qf8 27. Rf3
Kh8 28. Qe1 e5 29. fxe5 Bg4 30. Rxd5 Bxf3 31. Bxf3 Ra7 32. Qd2 c4 33. Bg4 Rb8
34. Qd4 Rc7 35. Bd1 c3 36. Bc2 Qe8 37. e6 Qf8 38. e7 Qe8 39. Rd8 Rcc8 40. Rxe8+
1-0

[Event "Brno festival"]
[Site "?"]
[Date "2015.08.23"]
[Round "2"]
[White "Hruza, Dominik"]
[Black "Zeman, Radek"]
[Result "0-1"]
[WhiteElo "1652"]
[BlackElo "1866"]
[PlyCount "78"]

1. e4 Nc6 2. d4 d5 3. e5 Bf5 4. c3 e6 5. Bd3 Nge7 6. Nf3 Bxd3 7. Qxd3 Nf5 8.
O-O Be7 9. b3 O-O 10. Nbd2 Qd7 11. Bb2 a5 12. a4 Rfd8 13. Kh1 Na7 14. Ne1 c5
15. f4 cxd4 16. cxd4 Bb4 17. Nc2 Nc6 18. Nf3 Nfe7 19. g4 g6 20. Nh4 Kh8 21. Qh3
Ra6 22. Ng2 Ng8 23. g5 Nce7 24. Nge3 Nf5 25. Ng4 Rc8 26. Nce3 Qe7 27. Nf6 Nxf6
28. exf6 Qe8 29. Ng4 Rac6 30. Rf2 Bc3 31. Rb1 Bxd4 32. Bxd4 Nxd4 33. Ne5 Rc3
34. Qh6 Nf5 35. Rc2 Nxh6 36. Rxc3 Rxc3 37. gxh6 Kg8 38. b4 Qxa4 39. bxa5 Qe4+
0-1

[Event "Brno festival"]
[Site "?"]
[Date "2015.08.23"]
[Round "2"]
[White "Zitny, Petr"]
[Black "Fryda, Dominik"]
[Result "1-0"]
[WhiteElo "1848"]
[BlackElo "1584"]
[PlyCount "95"]

1. e4 e6 2. d3 d5 3. Nd2 c5 4. Ngf3 Nf6 5. g3 dxe4 6. dxe4 b6 7. Bg2 Bb7 8. Qe2
Be7 9. O-O O-O 10. b3 Nc6 11. Bb2 Qc7 12. e5 Nd7 13. Rfe1 Rfd8 14. Rad1 Nf8 15.
h4 h6 16. Nc4 Nb4 17. a3 Nd5 18. Ncd2 Qd7 19. c4 Nc7 20. Ne4 Qc6 21. Nh2 Kh8
22. Ng4 Nh7 23. Ne3 Qe8 24. Nf6 gxf6 25. exf6 Bxf6 26. Bxb7 Rab8 27. Be4 Qg8
28. Bxh7 Qg7 29. Bxf6 Qxf6 30. Be4 Rg8 31. Bg2 Rg7 32. Rd7 Ne8 33. Red1 Qe5 34.
Rd8 Kh7 35. Rxb8 Qxb8 36. Ng4 f5 37. Ne5 Nf6 38. h5 Ne4 39. Bxe4 Qxe5 40. Bf3
Qc3 41. Kg2 Qxb3 42. Qxe6 Qc2 43. Rd6 Qc1 44. Qxf5+ Kh8 45. Rd8+ Rg8 46. Qf6+
Kh7 47. Rd7+ Rg7 48. Qxg7# 1-0

[Event "Brno festival"]
[Site "?"]
[Date "2015.08.23"]
[Round "2"]
[White "Kaplan, Milan"]
[Black "Glacner, Karel"]
[Result "1-0"]
[WhiteElo "1815"]
[BlackElo "1550"]
[PlyCount "63"]

1. e4 e5 2. Nf3 f5 3. exf5 e4 4. Nd4 Qf6 5. Qh5+ g6 6. fxg6 hxg6 7. Qd5 Rh5 8.
Qxg8 Nc6 9. Nxc6 dxc6 10. Qb3 Bc5 11. d4 Bxd4 12. f3 exf3 13. gxf3 Re5+ 14. Kd1
Be6 15. c4 O-O-O 16. Kc2 b5 17. Nd2 Re3 18. Bd3 bxc4 19. Nxc4 Rxf3 20. Bd2 Rd5
21. Raf1 Rdf5 22. Rxf3 Rxf3 23. Kc1 Bb6 24. Re1 Bf7 25. Nxb6+ cxb6 26. Ba6+ Kd8
27. Qc2 Bxa2 28. Qe4 Kc7 29. Qe8 Qf5 30. Re7+ Kd6 31. Qd8+ Kc5 32. b4# 1-0

[Event "Brno festival"]
[Site "?"]
[Date "2015.08.23"]
[Round "2"]
[White "Glozar, Petr"]
[Black "Dumkova, Daniela"]
[Result "1-0"]
[WhiteElo "1588"]
[BlackElo "1777"]
[PlyCount "51"]

1. e4 c5 2. Nc3 a6 3. d3 d6 4. Be2 Nf6 5. f4 e6 6. Nf3 b5 7. O-O Be7 8. h3 Bb7
9. Kh1 Nbd7 10. Rg1 Nb6 11. Qe1 c4 12. Qf2 cxd3 13. cxd3 Nfd7 14. Be3 b4 15.
Nb1 Na4 16. Nbd2 O-O 17. g4 Ndc5 18. f5 exf5 19. gxf5 Bf6 20. Qg3 Kh8 21. Ng5
Nxb2 22. Qh4 Bxg5 23. Rxg5 Qf6 24. Rag1 Rg8 25. Bd4 Qxd4 26. Qxh7+ 1-0

[Event "Brno festival"]
[Site "?"]
[Date "2015.08.23"]
[Round "2"]
[White "Straka, Vojtech"]
[Black "Vavrinkova, Anna"]
[Result "1-0"]
[WhiteElo "1770"]
[BlackElo "1399"]
[PlyCount "73"]

1. e4 d5 2. exd5 Qxd5 3. Nc3 Qd6 4. Nf3 Bg4 5. Be2 Nf6 6. d4 e6 7. O-O c6 8.
Bg5 Nbd7 9. Bh4 Qc7 10. Ne5 Bxe2 11. Qxe2 Bd6 12. Bg3 O-O 13. Nxd7 Qxd7 14.
Bxd6 Qxd6 15. Rad1 Rfe8 16. Qc4 Ng4 17. g3 Qc7 18. Rfe1 e5 19. d5 Qb6 20. Qxg4
Qxb2 21. Qc4 Qxc2 22. Rc1 cxd5 23. Qxd5 Qb2 24. Ne4 Rad8 25. Nd6 Re7 26. Nxb7
Rb8 27. Nc5 h6 28. Nd3 Qd2 29. Rcd1 Qg5 30. Rxe5 Rxe5 31. Qxe5 Qd8 32. Qe2 Qa5
33. Nf4 Rb5 34. Qe8+ Kh7 35. Qxf7 Rb6 36. Ne6 Qc3 37. Qf5+ 1-0

[Event "Brno festival"]
[Site "?"]
[Date "2015.08.23"]
[Round "2"]
[White "Tajovsky, Matej"]
[Black "Blazek, Pavel"]
[Result "0-1"]
[WhiteElo "1556"]
[BlackElo "1769"]
[PlyCount "52"]

1. d4 d5 2. c4 e6 3. Nc3 Nf6 4. Bg5 Nbd7 5. Nf3 c6 6. e3 Qa5 7. a3 Ne4 8. Qc2
Nxg5 9. Nxg5 dxc4 10. Nge4 b5 11. Ra2 Be7 12. a4 b4 13. Bxc4 bxc3 14. Nxc3 Nb6
15. Bd3 Nd5 16. O-O Nb4 17. Qb1 Nxd3 18. Qxd3 Ba6 19. Qc2 Bxf1 20. Kxf1 O-O 21.
Ne4 Qd5 22. b3 Rab8 23. Rb2 Rb4 24. f4 Rfb8 25. Ng5 Bxg5 26. fxg5 Qf5+ 0-1

[Event "Brno festival"]
[Site "?"]
[Date "2015.08.23"]
[Round "2"]
[White "Perutka, Tomas"]
[Black "Halamka, Radek"]
[Result "0-1"]
[WhiteElo "1756"]
[BlackElo "1741"]
[PlyCount "130"]

1. e4 c5 2. Nc3 Nc6 3. d3 d6 4. g3 Nf6 5. Bg2 g6 6. f4 Bg7 7. Nf3 Bg4 8. h3
Bxf3 9. Qxf3 Nd4 10. Qf2 Qc8 11. Be3 e5 12. fxe5 dxe5 13. Nd5 Nxd5 14. exd5 b6
15. a4 Qd7 16. g4 O-O 17. c3 Nb3 18. Ra3 Na5 19. O-O f5 20. gxf5 Rxf5 21. Qd2
Raf8 22. Rxf5 gxf5 23. b4 cxb4 24. cxb4 Nb7 25. d4 e4 26. Bh6 Rf7 27. Rg3 Nd6
28. Qf4 Ne8 29. Bxg7 Rxg7 30. Rxg7+ Nxg7 31. Qb8+ Kf7 32. Qa8 Ne8 33. Qc6 Nf6
34. Bf1 Ke7 35. Bc4 f4 36. Qe6+ Qxe6 37. dxe6 h5 38. Kf1 h4 39. Ke2 Kd6 40. Kd2
Ne8 41. Kc3 Ng7 42. d5 Nf5 43. Bb3 f3 44. Bc4 e3 45. Kd3 e2 46. Kd2 Ne3 47. Bd3
Ng2 48. Bxe2 fxe2 49. Kxe2 Nf4+ 50. Kf3 Nxd5 51. b5 Kxe6 52. Kg4 Nc3 53. Kxh4
Nxa4 54. Kg5 Nc5 55. Kg6 a5 56. bxa6 Nxa6 57. h4 Nc7 58. h5 Ne8 59. h6 Nf6 60.
Kg5 Ke5 61. h7 Nxh7+ 62. Kg4 Ke4 63. Kg3 Ke3 64. Kg2 b5 65. Kf1 Kd2 0-1

[Event "Brno festival"]
[Site "?"]
[Date "2015.08.23"]
[Round "2"]
[White "Dvorakova, Olga"]
[Black "Zikan, Karel"]
[Result "0-1"]
[WhiteElo "1446"]
[BlackElo "1735"]
[PlyCount "114"]

1. e4 c6 2. d4 d5 3. Bd3 dxe4 4. Bxe4 Nf6 5. Bf3 Bf5 6. Bf4 e6 7. c3 Be7 8. Nd2
O-O 9. Ne2 Nbd7 10. Nc4 Nb6 11. Ne5 Be4 12. Bxe4 Nxe4 13. Ng3 Nf6 14. Qd2 c5
15. Rd1 cxd4 16. Qxd4 Qc8 17. O-O Rd8 18. Qe3 Nbd5 19. Qf3 Nxf4 20. Qxf4 Bd6
21. Qe3 Qc7 22. Nf3 Rd7 23. Rd3 Nd5 24. Qc1 Rad8 25. Nd4 a6 26. h3 Bc5 27. Ne4
Nf4 28. Rf3 e5 29. Nxc5 Rxd4 30. Qb1 Rd2 31. Nb3 R2d5 32. Qe4 f6 33. Re3 a5 34.
Nc1 Rd2 35. b3 Qd7 36. Ne2 Ne6 37. a4 b6 38. f4 Nc5 39. Qc4+ Qd5 40. Qxd5+
R8xd5 41. fxe5 Rxe5 42. Rxe5 fxe5 43. Nc1 Rb2 44. Re1 e4 45. Kh2 Nd3 46. Nxd3
exd3 47. Rd1 d2 48. Kg3 Rxb3 49. Rxd2 Rxc3+ 50. Kf2 h6 51. Rb2 Rc6 52. Rb3 Kf7
53. Re3 Re6 54. Rb3 Ke7 55. Kf3 Kd7 56. Kf4 Kc7 57. Rb5 Rc6 0-1

[Event "Brno festival"]
[Site "?"]
[Date "2015.08.24"]
[Round "3"]
[White "Dvorak, Adam"]
[Black "Polak, Tomas"]
[Result "0-1"]
[WhiteElo "2230"]
[BlackElo "2524"]
[PlyCount "64"]

1. d4 Nf6 2. g3 d5 3. Bg2 c6 4. Nf3 Bf5 5. O-O Nbd7 6. c4 e6 7. Nc3 Be7 8. Ne1
O-O 9. Nc2 h6 10. h3 Ne4 11. Ne3 Nxc3 12. bxc3 Be4 13. cxd5 Bxg2 14. Kxg2 cxd5
15. c4 dxc4 16. Nxc4 b5 17. Nb2 Nb6 18. Qd3 Qd7 19. e4 f5 20. f3 fxe4 21. Qxe4
Bf6 22. Be3 Rad8 23. Rfd1 Nd5 24. Bd2 e5 25. dxe5 Bxe5 26. Qxe5 Rde8 27. Qh5
Nf6 28. Qh4 Re2+ 29. Kg1 Rxd2 30. Rxd2 Qxd2 31. Nd1 Qe1+ 32. Kg2 Rd8 0-1

[Event "Brno festival"]
[Site "?"]
[Date "2015.08.24"]
[Round "3"]
[White "Zwardon, Vojtech"]
[Black "Vechet, Stanislav"]
[Result "1-0"]
[WhiteElo "2398"]
[BlackElo "2168"]
[PlyCount "119"]

1. c4 e6 2. Nc3 d5 3. d4 Nf6 4. Bg5 Nbd7 5. cxd5 exd5 6. e3 Be7 7. Qc2 O-O 8.
Bd3 Re8 9. Nge2 Nf8 10. O-O c6 11. f3 h6 12. Bh4 c5 13. Rad1 c4 14. Bf5 Be6 15.
Bf2 Qd7 16. Ng3 Bd6 17. Bxe6 fxe6 18. e4 Bxg3 19. Bxg3 b5 20. Be5 N8h7 21. b4
a5 22. Rb1 a4 23. h3 Qc6 24. Rbe1 Ra7 25. a3 Rae7 26. Qf2 Nd7 27. Bh2 Nhf6 28.
Kh1 Rf7 29. Qg3 dxe4 30. Qd6 Qb7 31. fxe4 Nb8 32. Qe5 Nc6 33. Qxb5 Nxd4 34.
Qxa4 Ra8 35. Qd1 Nb5 36. Nxb5 Qxb5 37. Rf3 Rd7 38. Qc1 Rd3 39. Rxf6 gxf6 40. e5
f5 41. Qxh6 Qe8 42. Qg5+ Kh7 43. Qh4+ Kg8 44. Qxc4 Rdxa3 45. Bg1 Ra1 46. Re3
R1a3 47. Rxa3 Rxa3 48. b5 Qd7 49. b6 Qd5 50. Qh4 Rb3 51. Qg5+ Kh7 52. Qh5+ Kg7
53. Qg5+ Kh7 54. Be3 Qxe5 55. Bf4 Qa1+ 56. Kh2 Rxb6 57. Qh4+ Kg6 58. Qd8 Qa7
59. Be5 Kf7 60. Qf6+ 1-0